000 00573nai a2200181Ia 4500
003 IN-BaIIA
008 211028c9999 xx s 000 0 eng d
022 _a1461-023X (Print)
022 _a1461-0248 (Online)
040 _cIIA Library
245 0 _aEcology Letters
_h[eJournal]
260 _aNew Jersey
_bJohn Wiley & Sons
310 _aMonthly
362 _a1(1); 1998 - Present
521 _bSubscribed through National Knowledge Resource Consortium (NKRC)
856 _uhttps://onlinelibrary.wiley.com/journal/14610248
_yClick Here to Access eJournal
942 _cEJ
999 _c34297
_d34297